| 000 | 00537 a2200181 4500 | ||
|---|---|---|---|
| 003 | OSt | ||
| 005 | 20240205160411.0 | ||
| 008 | 240205b |||||||| |||| 00| 0 eng d | ||
| 020 | _a9789392115677 | ||
| 040 | _coclc | ||
| 082 |
_a894.8128 _bKHA/P |
||
| 100 |
_aKhalidi, Rashid _92964 |
||
| 245 |
_aPALASTINE YUDHATHINTE NOORU VARSHANGAL / _cRashid Khalidi |
||
| 250 | _a1st ed. | ||
| 260 |
_aMALAPPURAM: _bBOOK PLUS PUBLISHERS, _c2023. |
||
| 300 | _a395P. | ||
| 942 |
_2ddc _cBK _h894.8128 _iKHA/P _k894.8128 _mKHA/P |
||
| 999 |
_c44305 _d44305 |
||